000 00470nam a2200181Ia 4500
001 2117
005 20260306143818.0
008 260306t2008||||xx |||||||||||||| ||spa||
041 _aESP
082 _a612.825
_bS751
100 _aSmall, Gary
_eAUT
245 0 _aEl cerebro digital:
_bcómo las nuevas tecnologías están cambiando nuestra mente
260 _c2008
300 _a254 páginas :
_c22 cm.
650 _aGEN
654 _aCPS
942 _cLIB
_dJUS
_fJUS
_2ddc
_n
999 _c2117
_d2117